Begins and Ends with 'R' Quiz Stats

 Plays Quiz Updated Oct 1, 2018

Score 0/16 Timer 04:00
0 Plays Today
Hint Word % Correct
Santa has them pull his sleigh Reindeer
99%
A blade typically used for shavingRazor
92.1%
A box in which food is preserved by coolnessRefrigerator
89.9%
A La-z-boy (or girl) might sit on one to Sporcle...or napRecliner
84.7%
An automobile used in NASCAR or a famous palindromeRacecar
84%
To restore something that is damagedRepair
79.3%
A device used for finding objects using radio waves or a fictional character from M*A*S*HRadar
74.4%
One who documents something or a musical instrument Recorder
73.6%
Hint Word % Correct
Of or pertaining to a quadrilateral with four right angles.Rectangular
73%
A type of device that could be chemical, fusion, or nuclearReactor
71.4%
A bird of prey or an informal name for a particular species of dinosaurRaptor
68.5%
Hearsay, gossip, scuttlebuttRumor
61.3%
In academics, an official who handles student recordsRegistrar
50.8%
A narrow sword used for thrusting Rapier
46.9%
Impressionist painter of 'Dance at Le Moulin' (Last Name)Renoir
45.5%
Founder of Standard Oil Company (Last Name)Rockefeller
39.2%

You're not logged in!

Compare scores with friends on all Sporcle quizzes.
OR
Log In

Sporcle TV

Today on Sporcle TV


Watch our educational content, quiz creation guides, and fun videos on Sporcle TV.

Show Comments

Extras

Top Quizzes Today


Score Distribution

Your Account Isn't Verified!

In order to create a playlist on Sporcle, you need to verify the email address you used during registration. Go to your Sporcle Settings to finish the process.

Report this User

Report this user for behavior that violates our Community Guidelines.

Details: